000 01483cam a22003737a 4500
999 _c130081
_d130081
001 194749
003 ARRUPE
005 20191127102311.0
008 990114s1995 enkab b 000 0 eng
010 _a 98909751
020 _a1872502296
025 _aN-E-98-909751; 24
037 _bLibrary of Congress -- New Delhi Field Office
040 _aDLC
_cDLC
042 _alcode
043 _ad------
050 0 0 _aHQ792.N58
_bL57 1995
100 1 _aJohnson, Victoria,
_d1954-
_948825
245 1 0 _aListening to smaller voices :
_bchildren in an environment of change /
_cby Victoria Johnson, Joanna Hill & Edda Ivan-Smith.
260 _aSomerset [England] :
_bACTIONAID,
_c[1995].
300 _axv, 109 p. :
_bcol. ill., maps ;
_c30 cm.
500 _a"Funded by the UK Overseas Development Administration through the Population and Environment Research Fund, Bradford University, UK."
504 _aIncludes bibliographical references (p. 102-106).
520 _aWith reference to Developing countries.
650 0 _aChildren
_zNepal.
_zSindhuli District
_948826
650 0 _aChildren
_zNepal
_zSindhuli District
_xServices for
_948827
650 0 _aChild labor
_zNepal
_zSindhali District
_948828
700 1 _aHill, Joanna.
_948829
700 2 _aIvan-Smith, Edda.
_948830
710 2 _aActionAid (Organization)
_948831
906 _a7
_bcbc
_corigode
_d4
_encip
_f19
_gy-gencatlg
942 _2lcc
_cMONOGRAPH